Blancanieves y los siete enanitos / (Registro nro. 12555)
[ vista simple ]
| 000 -LEADER | |
|---|---|
| fixed length control field | 00802nam a22002657a 4500 |
| 001 - CONTROL NUMBER | |
| control field | 0161 |
| 003 - CONTROL NUMBER IDENTIFIER | |
| control field | DO-SdBNP |
| 005 - DATE AND TIME OF LATEST TRANSACTION | |
| control field | 20170222153050.0 |
| 007 - PHYSICAL DESCRIPTION FIXED FIELD--GENERAL INFORMATION | |
| fixed length control field | 0161 |
| 008 - FIXED-LENGTH DATA ELEMENTS--GENERAL INFORMATION | |
| fixed length control field | 151005b1996 sp 00| 0 spa d |
| 020 ## - INTERNATIONAL STANDARD BOOK NUMBER | |
| International Standard Book Number | 8440219784 |
| 040 ## - CATALOGING SOURCE | |
| Original cataloging agency | BPMSU |
| Language of cataloging | spa |
| Transcribing agency | BPMSU |
| 092 ## - LOCALLY ASSIGNED DEWEY CALL NUMBER (OCLC) | |
| Classification number | XXXX |
| Item number | XXXX |
| 100 ## - MAIN ENTRY--PERSONAL NAME | |
| Personal name | Grimm, Hermanos |
| 245 00 - TITLE STATEMENT | |
| Title | Blancanieves y los siete enanitos / |
| Statement of responsibility, etc. | ilustraciones José María Lavarello |
| 260 ## - PUBLICATION, DISTRIBUTION, ETC. (IMPRINT) | |
| Place of publication, distribution, etc. | Barcelona : |
| Name of publisher, distributor, etc. | Bruguera, |
| Date of publication, distribution, etc. | 1996. |
| 300 ## - PHYSICAL DESCRIPTION | |
| Extent | 125 p. : |
| Other physical details | il. |
| Dimensions | 18 cm. |
| 490 1# - SERIES STATEMENT | |
| Series statement | Todos libros |
| -- | cuentos |
| 505 ## - FORMATTED CONTENTS NOTE | |
| Formatted contents note | Blancanieves y los siete enanitos -- Rapónchigo -- La serpiente blanca -- El rey sapo |
| 700 12 - ADDED ENTRY--PERSONAL NAME | |
| Personal name | Lavarello, José María |
| Relator term | il. |
| 830 #0 - SERIES ADDED ENTRY--UNIFORM TITLE | |
| Uniform title | Todo libro |
| Name of part/section of a work | cuentos |
| 910 ## - USER-OPTION DATA (OCLC) | |
| User-option data | 202 |
| 942 ## - ADDED ENTRY ELEMENTS (KOHA) | |
| Source of classification or shelving scheme | Dewey Decimal Classification |
| Koha item type | Libros |
| 956 ## - LOCAL ELECTRONIC LOCATION AND ACCESS (OCLC) | |
| Host name | VMATEO |
| Access number | 10 |
| Compression information | 20170222 |
| Path | BPMSU |
| Electronic name | 0069 |
| Withdrawn status | Lost status | Source of classification or shelving scheme | Damaged status | Not for loan | Collection code | Home library | Current library | Date acquired | Source of acquisition | Total Checkouts | Barcode | Date last seen | Price effective from | Koha item type |
|---|---|---|---|---|---|---|---|---|---|---|---|---|---|---|
| Dewey Decimal Classification | Colección Infantil General | Biblioteca Pública Metropolitana Salomé Ureña | Biblioteca Pública Metropolitana Salomé Ureña | 02/22/2017 | Sellar | BPMET17020046 | 02/22/2017 | 02/22/2017 | Libros |